000 01076cam a22002891 4500
001 34488
003 BD-RjUL
005 20211209052152.0
008 140517s1959 nyua b 001 0 eng d
035 _a(BD-RjUL)34582
035 _a(OCoLC)1540551
040 _aDLC
_cFU-L
_dCSdC-L
_dOCoLC
_dBD-RjUL
_beng
041 _aeng
082 _a312.450973
_bJAA 1959
100 1 _aJacobson, Paul H.
_q(Paul Harold),
_d1912-
_9104892
245 1 0 _aAmerican marriage and divorce /
_c[by] Paul H. Jacobson, in collaboration with Pauline F. Jacobson.
260 _aNew York :
_bRinehart & Co.,
_c1959.
300 _axviii, 188 p. :
_bdiagrs., forms, tables. ;
_c26 cm.
500 _a"The initial version of the introduction and chapters 1-3 ... was used as the author's doctoral dissertation at Columbia University."
504 _aIncludes index and Bibliographical footnotes.
650 0 _aMarriage
_zUnited States.
_95615
650 0 _aDivorce
_zUnited States.
_9104893
700 _a Pauline F. Jacobson
_9104894
942 _2ddc
_cBK
999 _c34488
_d34488